| 000 | 00615nam a2200193 a 4500 | ||
|---|---|---|---|
| 001 | 2305 | ||
| 003 | OSt | ||
| 005 | 20131003154047.0 | ||
| 008 | 130130s1995||||sp |||||||||||||||||spa|d | ||
| 040 |
_aCDMR _bcat _cCDMR |
||
| 100 | 1 |
_aFaus Belau, Ángel _91434 |
|
| 245 | 1 | 3 |
_aLa era audiovisual _b: historia de los primeros cien años de la radio y la televisión _cÁngel Faus Belau |
| 260 |
_aBarcelona _bEdiciones Internacionales Universitarias _c1995 |
||
| 300 | _a320 p. | ||
| 490 | 0 | _aPolítica, cultura y sociedad | |
| 650 | 0 | 4 |
_92387 _aRàdio _xHistòria |
| 650 | 0 | 4 |
_91116 _aTelevisió _xHistòria |
| 942 |
_cMON _2udc |
||
| 999 |
_c2305 _d2305 |
||